|
|
|
|
| LEADER |
01008nam a2200313 4500 |
| 001 |
DLU090093798 |
| 005 |
##20091201 |
| 040 |
# |
# |
|a DLU
|b eng
|
| 041 |
# |
# |
|a eng
|
| 044 |
# |
# |
|a us
|
| 245 |
# |
# |
|a Evaluating uncertainty in environmental life-cycle assessment. A case study comparing two insulation options for a Dutch one-family dwelling /
|c Mark A. J. Huijbregts ... [et al.].
|
| 653 |
# |
# |
|a Building insulation
|
| 653 |
# |
# |
|a Methodology
|
| 653 |
# |
# |
|a Monte Carlo method
|
| 653 |
# |
# |
|a Ozone
|
| 700 |
# |
# |
|a Gilijamse, Wim.
|
| 700 |
# |
# |
|a Huijbregts, Mark A. J.
|
| 700 |
# |
# |
|a Ragas, Ad M. J.
|
| 700 |
# |
# |
|a Reijnders, Lucas.
|
| 773 |
# |
# |
|t Environmental Science & Technology
|g Vol. 37, no. 11 (June 2003), p. 2600-2608
|
| 920 |
# |
# |
|a Phòng Tạp chí -- Trung tâm Thông tin - Thư viện Trường Đại học Đà Lạt
|
| 994 |
# |
# |
|a DLU
|
| 900 |
# |
# |
|a True
|
| 911 |
# |
# |
|a Trương Bảo Trâm Anh
|
| 925 |
# |
# |
|a G
|
| 926 |
# |
# |
|a A
|
| 927 |
# |
# |
|a BB
|
| 980 |
# |
# |
|a Thư viện Trường Đại học Đà Lạt
|